[Event "GER-ch U12"]
[Site "Willingen"]
[Date "2018.05.25"]
[Round "9"]
[White "Roessel, Gino"]
[Black "Laux, Dominik"]
[Result "0-1"]
[WhiteElo "1705"]
[BlackElo "1854"]
[PlyCount "126"]
[EventDate "2018.05.19"]
[EventType "swiss"]
[EventRounds "11"]
[EventCountry "GER"]
[SourceTitle "CBM 184 Extra"]
[Source "ChessBase"]
[SourceDate "2018.06.28"]
[SourceVersion "1"]
[SourceVersionDate "2018.06.28"]
[SourceQuality "1"]

1. e4 g6 2. d4 Bg7 3. Nc3 c6 4. Nf3 d6 5. Be2 Nf6 6. h3 0-0 7. 0-0 Nbd7 8. Be3 b5 9. a3 Bb7 10. Qd2 a5 11. e5 Ne8 12. exd6 Nxd6 13. Bh6 Nb6 14. Bxg7 Kxg7 15. b3 Nd5 16. Ne5 Nxc3 17. Qxc3 f6 18. Nd3 Ne4 19. Qb2 Qd6 20. Rad1 b4 21. axb4 axb4 22. Nc5 Nxc5 23. dxc5 Qxc5 24. Rd7 Bc8 25. Rd2 Be6 26. Rfd1 Bd5 27. Qd4 Qxd4 28. Rxd4 Rfb8 29. Bc4 e5 30. R4d3 Bxc4 31. bxc4 Ra2 32. Rc1 Rb7 33. Rb3 c5 34. c3 Ra3 35. Rcb1 Rxb3 36. Rxb3 Kf7 37. Kf1 Ke6 38. Ke2 e4 39. Ke3 Ke5 40. g3 f5 41. h4 h6 42. Rb2 b3 43. f4+ Kd6 44. Kd2 h5 45. Kc1 Kc6 46. Kd1 Rd7+ 47. Ke2 Rd3 48. Rxb3 Rxg3 49. Ra3 Kb7 50. Rb3+ Kc7 51. Rb5 Kc6 52. Ra5 Rg4 53. Ra6+ Kb7 54. Rf6 Rxh4 55. Rxg6 Rxf4 56. Rh6 h4 57. Kd2 Kc7 58. Ke2 Kd7 59. Kd2 Rf2+ 60. Ke1 Rf3 61. Rxh4 Rxc3 62. Kd2 Rxc4 63. Ke3 Ke6 0-1

[Event "GER-ch U12"]
[Site "Willingen"]
[Date "2018.05.25"]
[Round "10"]
[White "Roessel, Gino"]
[Black "May, Ben Iven"]
[Result "1/2-1/2"]
[WhiteElo "1705"]
[BlackElo "1610"]
[PlyCount "104"]
[EventDate "2018.05.19"]
[EventType "swiss"]
[EventRounds "11"]
[EventCountry "GER"]
[SourceTitle "CBM 184 Extra"]
[Source "ChessBase"]
[SourceDate "2018.06.28"]
[SourceVersion "1"]
[SourceVersionDate "2018.06.28"]
[SourceQuality "1"]

1. e4 e5 2. Nf3 Nc6 3. Bb5 a6 4. Ba4 Nf6 5. d3 d6 6. c3 Be7 7. 0-0 0-0 8. Re1 b5 9. Bb3 Na5 10. Bc2 c5 11. Nbd2 Re8 12. Nf1 Bf8 13. Bg5 Be7 14. Ng3 h6 15. Bc1 Bf8 16. d4 Qc7 17. d5 g6 18. h3 Bg7 19. Nh2 Qe7 20. f4 Nd7 21. f5 g5 22. Nh5 f6 23. g3 Rb8 24. h4 Nb7 25. hxg5 hxg5 26. Nxg7 Kxg7 27. Ng4 Nd8 28. Kg2 Nf7 29. Be3 Bb7 30. Rh1 Rh8 31. Qe2 Nb6 32. b3 Nxd5 33. Rxh8 Nxe3+ 34. Qxe3 Rxh8 35. Rh1 Rxh1 36. Kxh1 d5 37. exd5 Bxd5+ 38. Be4 Qb7 39. Bxd5 Qxd5+ 40. Kh2 Nd6 41. Qf2 Qd3 42. Qxc5 Qe2+ 43. Nf2 Nxf5 44. g4 Nh6 45. Kg3 Nf7 46. Qc6 Qe3+ 47. Kg2 Qf4 48. c4 bxc4 49. bxc4 f5 50. gxf5 Qxf5 51. c5 g4 52. Qe4 Qxe4+ 1/2-1/2

[Event "GER-ch U12"]
[Site "Willingen"]
[Date "2018.05.23"]
[Round "6"]
[White "Roessel, Gino"]
[Black "Halabi, Ibrahim"]
[Result "1/2-1/2"]
[WhiteElo "1705"]
[BlackElo "1652"]
[PlyCount "92"]
[EventDate "2018.05.19"]
[EventType "swiss"]
[EventRounds "11"]
[EventCountry "GER"]
[SourceTitle "CBM 184 Extra"]
[Source "ChessBase"]
[SourceDate "2018.06.28"]
[SourceVersion "1"]
[SourceVersionDate "2018.06.28"]
[SourceQuality "1"]

1. e4 c5 2. Nf3 d6 3. Bb5+ Bd7 4. Bxd7+ Qxd7 5. 0-0 e6 6. c3 Nf6 7. Re1 Nc6 8. d4 d5 9. exd5 Qxd5 10. b3 cxd4 11. cxd4 Bb4 12. Bd2 Bxd2 13. Qxd2 0-0 14. Nc3 Qd7 15. Rad1 Rad8 16. Ne4 Nxe4 17. Rxe4 Ne7 18. Rg4 Ng6 19. h4 e5 20. Rg3 e4 21. Ng5 Nxh4 22. Nxe4 Ng6 23. Ng5 Qf5 24. Rf3 Qg4 25. Nh3 Rd5 26. Rg3 Qe4 27. Ng5 Qf4 28. Qxf4 Nxf4 29. Rg4 Rfd8 30. Rxf4 Rxg5 31. Rc1 f6 32. Rc7 Ra5 33. a4 b5 34. axb5 Rxb5 35. Rxa7 Rxb3 36. Re4 Rb5 37. Ree7 Rg5 38. d5 Kf8 39. Rec7 h6 40. d6 f5 41. Rf7+ Kg8 42. Rfd7 Rxd7 43. Rxd7 Rg6 44. Rd8+ Kf7 45. d7 Ke7 46. Rf8 Kxd7 1/2-1/2

[Event "GER-ch U12"]
[Site "Willingen"]
[Date "2017.06.10"]
[Round "11"]
[White "Musiolik, David"]
[Black "Roessel, Gino"]
[Result "1-0"]
[WhiteElo "2004"]
[BlackElo "1672"]
[PlyCount "41"]
[EventDate "2017.06.04"]
[EventType "swiss"]
[EventRounds "11"]
[EventCountry "GER"]
[SourceTitle "CBM 178 Extra"]
[Source "ChessBase"]
[SourceDate "2017.06.22"]
[SourceVersion "1"]
[SourceVersionDate "2017.06.22"]
[SourceQuality "1"]

1. e4 e6 2. d4 d5 3. e5 c5 4. c3 Nc6 5. Nf3 Qb6 6. a3 c4 7. g3 f6 8. exf6 Nxf6 9. Bg2 Bd6 10. 0-0 0-0 11. Re1 Re8 12. Nbd2 e5 13. dxe5 Nxe5 14. Nxe5 Bxe5 15. Bxd5+ Nxd5 16. Nxc4 Nxc3 17. Nxb6 Nxd1 18. Nxa8 Bg4 19. Bf4 Rxa8 20. Bxe5 Rf8 21. Raxd1 1-0

[Event "GER-ch U12"]
[Site "Willingen"]
[Date "2017.06.09"]
[Round "9"]
[White "Schauties, Nico Antonio"]
[Black "Roessel, Gino"]
[Result "1/2-1/2"]
[WhiteElo "1691"]
[BlackElo "1672"]
[PlyCount "81"]
[EventDate "2017.06.04"]
[EventType "swiss"]
[EventRounds "11"]
[EventCountry "GER"]
[SourceTitle "CBM 178 Extra"]
[Source "ChessBase"]
[SourceDate "2017.06.22"]
[SourceVersion "1"]
[SourceVersionDate "2017.06.22"]
[SourceQuality "1"]

1. g3 d5 2. Bg2 Nf6 3. Nf3 e6 4. 0-0 Be7 5. c4 0-0 6. d3 b6 7. b3 Bb7 8. Bb2 c5 9. Nbd2 Nc6 10. e4 dxe4 11. dxe4 Nd7 12. Qe2 f5 13. Rad1 Rf7 14. exf5 exf5 15. Ne5 Ndxe5 16. Bxe5 Na5 17. Nf3 Qc8 18. Rd2 Nc6 19. Rfd1 Qe8 20. Bc3 Rd8 21. Ne5 Nxe5 22. Bxb7 Rxd2 23. Rxd2 Bg5 24. f4 Rxb7 25. Qxe5 Qxe5 26. Bxe5 Be7 27. Kf2 Kf7 28. Rd5 g6 29. Kf3 Bf6 30. g4 Bxe5 31. fxe5 fxg4+ 32. Kxg4 Ke6 33. Kg5 Rf7 34. Kh6 Kf5 35. a3 Rc7 36. Rd8 Kxe5 37. Rh8 Kf5 38. Rxh7 Rxh7+ 39. Kxh7 g5 40. Kh6 Kf6 41. Kh5 1/2-1/2

[Event "GER-ch U12"]
[Site "Willingen"]
[Date "2017.06.07"]
[Round "6"]
[White "Zeuner, Ole"]
[Black "Roessel, Gino"]
[Result "1-0"]
[WhiteElo "1707"]
[BlackElo "1672"]
[PlyCount "87"]
[EventDate "2017.06.04"]
[EventType "swiss"]
[EventRounds "11"]
[EventCountry "GER"]
[SourceTitle "CBM 178 Extra"]
[Source "ChessBase"]
[SourceDate "2017.06.22"]
[SourceVersion "1"]
[SourceVersionDate "2017.06.22"]
[SourceQuality "1"]

1. e4 e6 2. d4 d5 3. Nd2 c5 4. exd5 exd5 5. Ngf3 Nc6 6. Bb5 Bd6 7. dxc5 Bxc5 8. 0-0 Nge7 9. Nb3 Bd6 10. Re1 0-0 11. Bd3 h6 12. h3 Nb4 13. Bf1 Bf5 14. Nfd4 Bg6 15. c3 Nbc6 16. g3 Bc7 17. Bg2 Nxd4 18. Nxd4 Qd7 19. Be3 Rad8 20. Qd2 f6 21. Bxh6 gxh6 22. Qxh6 Be5 23. Nf3 Qc7 24. Rad1 Bf7 25. Rxe5 fxe5 26. Ng5 Bg6 27. Ne6 Rf7 28. Nxc7 Rh7 29. Qg5 d4 30. Qxe5 d3 31. Ne6 Re8 32. Ng5 Rg7 33. Qf4 Rf8 34. Qc4+ Bf7 35. Nxf7 Rgxf7 36. Rxd3 Kh8 37. Qe6 Ng8 38. f4 Rf6 39. Qg4 Nh6 40. Qh5 Kg7 41. Rd7+ R8f7 42. Rxf7+ Rxf7 43. Qg5+ Kh7 44. Be4+ 1-0

[Event "Wch U10"]
[Site "Batumi"]
[Date "2016.10.20"]
[Round "2"]
[White "Van Schaik, Migael"]
[Black "Roessel, Gino"]
[Result "0-1"]
[WhiteElo "1180"]
[BlackElo "1682"]
[PlyCount "50"]
[EventDate "2016.10.19"]
[EventType "swiss"]
[EventRounds "11"]
[EventCountry "GEO"]
[SourceTitle "CBM 175 Extra"]
[Source "ChessBase"]
[SourceDate "2016.12.12"]
[SourceVersion "1"]
[SourceVersionDate "2016.12.12"]
[SourceQuality "1"]

1. e4 e6 2. d4 d5 3. Nc3 Bb4 4. exd5 exd5 5. Bd3 Ne7 6. Qh5 Nbc6 7. a3 Bxc3+ 8. bxc3 Qd6 9. Ne2 Ng6 10. 0-0 Bd7 11. Re1 0-0-0 12. Ng3 Kb8 13. Be3 Rdf8 14. Qd1 f5 15. Bd2 f4 16. Nf1 Nh4 17. f3 g5 18. h3 h5 19. Nh2 g4 20. fxg4 hxg4 21. hxg4 f3 22. Nxf3 Nxf3+ 23. gxf3 Qg3+ 24. Kf1 Rxf3+ 25. Ke2 Rf2# 0-1

[Event "GER-ch U10"]
[Site "Willingen"]
[Date "2016.05.20"]
[Round "10.2"]
[White "Wagner, Leopold Franziskus"]
[Black "Roessel, Gino"]
[Result "1/2-1/2"]
[WhiteElo "1886"]
[BlackElo "1590"]
[PlyCount "85"]
[EventDate "2016.05.15"]
[EventType "swiss"]
[EventRounds "11"]
[EventCountry "GER"]
[SourceTitle "CBM 172 Extra"]
[Source "ChessBase"]
[SourceDate "2016.06.21"]
[SourceVersion "1"]
[SourceVersionDate "2016.06.21"]
[SourceQuality "1"]

1. d4 e6 2. c4 f5 3. Nc3 Nf6 4. Bf4 c6 5. Nf3 d5 6. e3 Bd6 7. g3 Ne4 8. cxd5 exd5 9. Bxd6 Qxd6 10. Qc2 0-0 11. Bg2 Be6 12. Rc1 Nd7 13. 0-0 Rac8 14. a3 c5 15. Qd3 c4 16. Qc2 a6 17. Nd2 Nxd2 18. Qxd2 b5 19. f3 Nf6 20. Kh1 Rfd8 21. Ne2 h6 22. f4 g5 23. fxg5 hxg5 24. e4 dxe4 25. Qxg5+ Kf7 26. Bh3 Rg8 27. Qf4 Qxf4 28. Rxf4 Nd5 29. Rf2 Ne3 30. Nf4 Rcd8 31. Re1 Ng4 32. Bxg4 Rxg4 33. Ne2 Kg6 34. h3 Rg5 35. Ref1 Bd5 36. Kh2 Be6 37. g4 Bc8 38. Kg3 fxg4 39. Rf6+ Kh7 40. h4 Rg6 41. R6f4 Re8 42. Rf7+ Rg7 43. R7f4 1/2-1/2

[Event "GER-ch U10"]
[Site "Willingen"]
[Date "2016.05.19"]
[Round "8.2"]
[White "Fuchs, Florian1111"]
[Black "Roessel, Gino"]
[Result "1/2-1/2"]
[WhiteElo "1670"]
[BlackElo "1590"]
[PlyCount "96"]
[EventDate "2016.05.15"]
[EventType "swiss"]
[EventRounds "11"]
[EventCountry "GER"]
[SourceTitle "CBM 172 Extra"]
[Source "ChessBase"]
[SourceDate "2016.06.21"]
[SourceVersion "1"]
[SourceVersionDate "2016.06.21"]
[SourceQuality "1"]

1. e4 e6 2. d4 d5 3. Nc3 Bb4 4. exd5 exd5 5. Bd3 Nc6 6. a3 Bxc3+ 7. bxc3 Nge7 8. Qh5 Qd6 9. Ne2 Be6 10. Bf4 Qd7 11. Rb1 Rb8 12. 0-0 Bf5 13. Rfd1 Bg6 14. Qf3 0-0 15. Qg3 Rfc8 16. Rb2 Kh8 17. Rdb1 Bxd3 18. Qxd3 b6 19. Re1 Ng6 20. Bg3 Re8 21. Rbb1 Re7 22. Nf4 Rbe8 23. Rxe7 Rxe7 24. Qf3 Nxf4 25. Bxf4 Qe6 26. Kf1 Na5 27. Qe3 Qxe3 28. Bxe3 Nc4 29. Bc1 c6 30. a4 h6 31. Bf4 g5 32. Bc1 Kg7 33. f3 Ne3+ 34. Bxe3 Rxe3 35. Rb3 f5 36. c4 Rxb3 37. cxb3 Kf6 38. cxd5 cxd5 39. g4 f4 40. b4 Ke6 41. Ke2 Kd6 42. b5 Kc7 43. Kd3 Kd6 44. Kc3 Ke6 45. Kb4 Kf6 46. a5 Kg6 47. a6 h5 48. h3 hxg4 1/2-1/2

[Event "GER-ch U10"]
[Site "Willingen"]
[Date "2016.05.18"]
[Round "7.3"]
[White "Hommer, Jeremy"]
[Black "Roessel, Gino"]
[Result "0-1"]
[WhiteElo "1685"]
[BlackElo "1590"]
[PlyCount "74"]
[EventDate "2016.05.15"]
[EventType "swiss"]
[EventRounds "11"]
[EventCountry "GER"]
[SourceTitle "CBM 172 Extra"]
[Source "ChessBase"]
[SourceDate "2016.06.21"]
[SourceVersion "1"]
[SourceVersionDate "2016.06.21"]
[SourceQuality "1"]

1. g3 e6 2. Bg2 f5 3. Nf3 Nf6 4. c4 c6 5. 0-0 d5 6. d4 Bd6 7. Nc3 a6 8. Qc2 Nbd7 9. cxd5 cxd5 10. Bf4 Nb6 11. Bxd6 Qxd6 12. Ne5 0-0 13. f3 Nbd7 14. Nxd7 Bxd7 15. Qd3 Rae8 16. e4 dxe4 17. fxe4 fxe4 18. Nxe4 Nxe4 19. Bxe4 Rxf1+ 20. Rxf1 Bb5 21. Bxh7+ Kh8 22. Qe4 Bxf1 23. Qh4 g5 24. Qh5 Qxd4+ 25. Kxf1 Qf6+ 26. Kg1 Rd8 27. Bg6+ Kg7 28. Qh7+ Kf8 29. Qh6+ Ke7 30. Qh7+ Kd6 31. Bc2 Qd4+ 32. Kh1 Rf8 33. Qg6 Rf1+ 34. Kg2 Rf2+ 35. Kh3 g4+ 36. Kh4 Rxh2+ 37. Kg5 Qe5+ 0-1

[Event "GER-ch U10"]
[Site "Willingen"]
[Date "2016.05.18"]
[Round "6.1"]
[White "Roessel, Gino"]
[Black "Prieb, Robert"]
[Result "1/2-1/2"]
[WhiteElo "1590"]
[BlackElo "1564"]
[PlyCount "155"]
[EventDate "2016.05.15"]
[EventType "swiss"]
[EventRounds "11"]
[EventCountry "GER"]
[SourceTitle "CBM 172 Extra"]
[Source "ChessBase"]
[SourceDate "2016.06.21"]
[SourceVersion "1"]
[SourceVersionDate "2016.06.21"]
[SourceQuality "1"]

1. e4 e5 2. Nf3 Nf6 3. Bc4 Nxe4 4. Nc3 Nc6 5. Nxe4 d5 6. Bxd5 Qxd5 7. Nc3 Qd8 8. 0-0 Bd6 9. d3 0-0 10. Be3 Bg4 11. h3 Bh5 12. Ne4 f5 13. Nxd6 cxd6 14. c3 Kh8 15. Qe1 Bxf3 16. gxf3 f4 17. Bd2 Qh4 18. Kh2 Qh5 19. Qe2 Rf6 20. Rh1 Ne7 21. Rag1 Nf5 22. Rg4 Nh6 23. Rgg1 Nf7 24. Rg4 Ng5 25. h4 Rg6 26. Kg2 Qxg4+ 27. fxg4 f3+ 28. Qxf3 Nxf3 29. Kxf3 Rf8+ 30. Kg3 Rgf6 31. Be3 b6 32. a3 d5 33. d4 e4 34. Rc1 b5 35. Rh1 Kg8 36. Re1 Kf7 37. Re2 Ke6 38. h5 Rf3+ 39. Kg2 Kd7 40. b4 Kc6 41. Ra2 Kb6 42. a4 bxa4 43. Rxa4 R3f7 44. Ra5 Rd7 45. Rc5 a6 46. Ra5 Rc8 47. Bd2 Kb7 48. Kg3 Rf8 49. Kg2 Rf3 50. Rc5 Rd3 51. Be1 Rd1 52. Kf1 Ra1 53. Ke2 Kb6 54. Bd2 a5 55. bxa5+ Rxa5 56. Rxa5 Kxa5 57. c4+ Ka4 58. cxd5 Rxd5 59. Ke3 Kb3 60. Kxe4 Kc4 61. Be3 g6 62. hxg6 hxg6 63. f4 Ra5 64. f5 gxf5+ 65. gxf5 Ra8 66. Bf4 Rd8 67. Be5 Kb5 68. f6 Kc6 69. Kf5 Kd7 70. d5 Rf8 71. Kg6 Ke8 72. d6 Rf7 73. Kf5 Rb7 74. Ke6 Rf7 75. Kd5 Rh7 76. Kc6 Rf7 77. Bd4 Rd7 78. Be5 1/2-1/2

[Event "GER-ch U10"]
[Site "Willingen"]
[Date "2016.05.16"]
[Round "4.1"]
[White "Roessel, Gino"]
[Black "Bui, Bao Anh Le"]
[Result "1-0"]
[WhiteElo "1590"]
[BlackElo "1617"]
[PlyCount "85"]
[EventDate "2016.05.15"]
[EventType "swiss"]
[EventRounds "11"]
[EventCountry "GER"]
[SourceTitle "CBM 172 Extra"]
[Source "ChessBase"]
[SourceDate "2016.06.21"]
[SourceVersion "1"]
[SourceVersionDate "2016.06.21"]
[SourceQuality "1"]

1. e4 c5 2. c3 d5 3. exd5 Nf6 4. d4 Nxd5 5. Nf3 e6 6. Bc4 Nc6 7. 0-0 Be7 8. Na3 0-0 9. Nc2 b6 10. Ne3 cxd4 11. cxd4 Bf6 12. Ng4 Be7 13. Nge5 Na5 14. Bd3 f6 15. Nc4 Nxc4 16. Bxc4 Bb7 17. Re1 Rc8 18. Qe2 Rc6 19. Bb5 Rd6 20. Bc4 Re8 21. b3 Bf8 22. Ba3 Rd7 23. Bxf8 Kxf8 24. Qd3 Kg8 25. Bb5 Nb4 26. Qc4 Bxf3 27. Bxd7 Qxd7 28. gxf3 Nd5 29. Rac1 Kf7 30. a4 a5 31. Qc6 Qxc6 32. Rxc6 g6 33. Kg2 f5 34. Kg3 h6 35. Re5 Re7 36. Rd6 Re8 37. Rdxd5 exd5 38. Rxe8 Kxe8 39. Kf4 Kd7 40. Ke5 Kc6 41. Kf6 b5 42. Kxg6 bxa4 43. bxa4 1-0